Aspects of time, place and thematic content in the prose fiction of José Rodrigues Miguéis as indications of yhe artist's Weltansicht (Registo nº 202820)

Detalhes MARC
000 -Etiqueta do registo
Valores 00820nam 22001813 4500
100 ## - Dados gerais de processamento
Dados gerais 20260701d u||y0pory50 ba
200 ## - Titulo e menção de responsabilidade
Título próprio Aspects of time, place and thematic content in the prose fiction of José Rodrigues Miguéis as indications of yhe artist's Weltansicht
Primeira menção de responsabilidade John Austin Kerr, Jr
210 ## - Publicação
Local de publicação Wisconsin
Nome do editor University
Data de publicação 1970
215 ## - Descrição física 
Paginação / Volumes 2 vols (1046 p.)
Outras indicações físicas encadernado
Dimensões 28 cm
300 ## - Notas gerais 
Texto da nota A thesis present to the Graduate School of the University of Wisconsin in partial fulfillment of the requirements for the degree of Doctor of Philosophy<br/>Contém dedicatória na folha de rosto
675 ## - CDU
Notação 821.111(73)
Edição US
Língua eng
675 ## - CDU
Notação 82.09
Edição Us
Língua eng
700 ## - Autor principal (pessoa individual)
ID Autoridade 17676
Apelido Kerr, Jr.
Nome John Austin
Datas 1934-2025
801 ## - Fonte de origem
País PT
Agência BMMN
Regras de catalogação RPC
830 ## - Notas gerais do catalogador
Criado por Ana Falardo
Indexado por Ana Falardo
990 ## - Elementos KOHA
Tipo de documento Livro
Exemplares
Situação do levantamento Biblioteca de origem Código de barras Cota Permissão de empréstimo Tipo de documento Nota relativa ao exemplar Forma de aquisição
  Biblioteca Municipal de Montemor-o-Novo 32341 82.09 KER|SAF vol.I   Livro Acesso Condicionado Oferta
  Biblioteca Municipal de Montemor-o-Novo 32342 82.09 KER|SAF vol.II   Livro Acesso Condicionado Oferta

Powered by Koha